zpět

Detail výsledku týmu

Pórajt pub, Plzeň

Datum a čas kvízu

40 Celkem bodů Celkový počet nahraných bodů na tomto kvízu bez doplňovacích otázek.
1. Pořadí na kvízu Konečné umístění týmu na tomto kvízu.

Zaznamenané odpovědi

# Otázka Odpověď Body Výsledky
1. Česká pošta vydala u příležito... Jiří Suchý 1
2. Turistům se minulý týden uzavř... Uluru (Ayers Rock) 1
3. V neděli měl vystoupit známý č... David Černý 1
4. Minulý týden jsme se dozvěděli... Avast 1
5. Vladimír Růžička se po půl roc... Hradec Králové 1
6. Druhý díl naší cesty kolem svě... Srí Lanka (do r. 1972 Cejlon) 1
7. Pokračujeme dále do jihovýchod... Thajsko 0
8. Další dvě otázky budou patřit... Medvídek Pú 0
9. V severní Číně a jižním Mongol... Gobi 1
10. Dnešní putování zakončíme v Mo... z kobylího mléka 1